ゆめタウンの店舗名 - Statistics

General Stats
  • This quiz has been taken 128 times
    126 since last reset
  • The average score is 30 of 100
Answer Stats
Hint Answer % Correct
広島県 ゆめタウン 広島
79%
広島県 ゆめタウン
69%
岡山県 ゆめタウン 倉敷
69%
広島県 ゆめタウン 福山
68%
香川県 ゆめタウン 高松
67%
山口県 ゆめモール 下関
66%
広島県 ゆめタウン 東広島
63%
山口県 ゆめタウン 山口
60%
福岡県 ゆめタウン 博多
59%
大分県 ゆめタウン 別府
58%
徳島県 ゆめタウン 徳島
58%
兵庫県 ゆめタウン 姫路
56%
広島県 ゆめタウン 廿日市
54%
広島県 ゆめマート 尾道
54%
福岡県 ゆめタウン 久留米
53%
香川県 ゆめタウン 丸亀
53%
島根県 ゆめタウン 出雲
52%
佐賀県 ゆめマート さが
51%
山口県 ゆめタウン 宇部
50%
広島県 ゆめモール 西条
49%
熊本県 ゆめタウン 八代
49%
岡山県 ゆめマート 津山
46%
佐賀県 ゆめタウン 佐賀
46%
福岡県 ゆめタウン 大牟田
45%
広島県 ゆめマート 府中
43%
熊本県 ゆめマート 玉名
43%
大分県 ゆめタウン 中津
43%
山口県 ゆめタウン 徳山
42%
広島県 ゆめタウン 大竹
41%
広島県 ゆめタウン 五日市
39%
島根県 ゆめタウン | ゆめマート 浜田
39%
島根県 ゆめタウン 益田
38%
山口県 ゆめタウン 下松
36%
香川県 ゆめタウン 三豊
35%
広島県 ゆめタウン 竹原
34%
山口県 ゆめタウン 防府
34%
福岡県 ゆめタウン 行橋
34%
福岡県 ゆめタウン 筑紫野
34%
熊本県 ゆめタウン 光の森
34%
広島県 ゆめタウン 江田島
32%
岡山県 ゆめタウン 山陽
32%
島根県 ゆめタウン 江津
32%
岡山県 ゆめタウン 高梁
31%
広島県 ゆめマート 八幡
30%
岡山県 ゆめタウン 井原
30%
山口県 ゆめタウン 柳井
30%
佐賀県 ゆめタウン 武雄
29%
福岡県 ゆめモール 柳川
28%
福岡県 ゆめタウン 八女
26%
山口県 ゆめタウン 新南陽
25%
大分県 ゆめマート 日田
24%
兵庫県 ゆめタウン 丹波
24%
福岡県 ゆめモール 筑後
23%
広島県 ゆめタウン みゆき
22%
山口県 ゆめタウン 長府
22%
福岡県 ゆめタウン 大川
22%
広島県 ゆめタウン 祇園
20%
広島県 ゆめタウン 学園店
20%
広島県 ゆめタウン 黒瀬
20%
岡山県 ゆめマート 美作
20%
熊本県 ゆめタウン はません
20%
福岡県 ゆめタウン 遠賀
19%
福岡県 ゆめマート うきは
19%
熊本県 ゆめタウン サンピアン
19%
熊本県 ゆめマート 大江
19%
岡山県 ゆめタウン 平島
17%
長崎県 ゆめタウン 夢彩都
17%
広島県 ゆめタウン 吉田
16%
広島県 ゆめマート 八本松
16%
岡山県 ゆめタウン 久世
16%
広島県 ゆめタウン 安古市
15%
広島県 ゆめタウン 蔵王
15%
山口県 その他 ゆめシティ
15%
山口県 ゆめタウン 南岩国
15%
福岡県 ゆめマート 福津
15%
岡山県 ゆめタウン 邑久
14%
広島県 その他 LECT
14%
福岡県 ゆめマート 新宮
13%
広島県 ゆめマート 二葉の里
12%
広島県 ゆめマート 川尻
12%
熊本県 ゆめマート 田崎
12%
広島県 ゆめマート 八木
11%
福岡県 ゆめマート 赤間
10%
熊本県 ゆめマート 松橋
10%
広島県 ゆめマート 沼田
9%
広島県 ゆめマート 阿賀
9%
島根県 ゆめタウン 斐川
9%
福岡県 ゆめタウン 南行橋
9%
熊本県 ゆめタウン シティモール
9%
広島県 ゆめマート サンモール
8%
福岡県 ゆめマート 小倉東
8%
福岡県 ゆめマート 城野
6%
広島県 ゆめマート 己斐
5%
広島県 ゆめマート 西栄
5%
島根県 ゆめマート 神西
5%
山口県 ゆめマート 南小野田
5%
山口県 ゆめマート 下関駅
4%
福岡県 ゆめマート 青山
3%
山口県 ゆめマート 三田尻
2%
No matching quizzes found
Score Distribution
Percent of People with Each Score
Percentile by Number Answered
Your Score History
You have not taken this quiz since the last reset